UM Logo

Tax Compliance Propensity of Certified Public Accountants and Lawyers/ (Record no. 14866)

MARC details
000 -LEADER
fixed length control field 00670nam a22001697a 4500
008 - FIXED-LENGTH DATA ELEMENTS--GENERAL INFORMATION
fixed length control field 200123b ||||| |||| 00| 0 eng d
082 ## - DEWEY DECIMAL CLASSIFICATION NUMBER
Edition number 2020
Classification number UT 1419
Item number Ar68
100 ## - MAIN ENTRY--PERSONAL NAME
Personal name Arquio, John Dave C.
9 (RLIN) 41260
245 ## - TITLE STATEMENT
Title Tax Compliance Propensity of Certified Public Accountants and Lawyers/
Statement of responsibility, etc. John Dave C. Arquio, Edgar C. Belono-Ac Jr. & Lyka Trisha U. Sagolili
260 ## - PUBLICATION, DISTRIBUTION, ETC. (IMPRINT)
Place of publication, distribution, etc. Digos City
Name of publisher, distributor, etc. UMDC
Date of publication, distribution, etc. January 2020
300 ## - PHYSICAL DESCRIPTION
Extent 75 pages
Dimensions 30 cm
650 ## - SUBJECT ADDED ENTRY--TOPICAL TERM
Topical term or geographic name as entry element Accounting Education
Form subdivision Accountancy
General subdivision Undergraduate Thesis
9 (RLIN) 40679
700 ## - ADDED ENTRY--PERSONAL NAME
Personal name Arquio,John Dave C.
9 (RLIN) 41261
700 ## - ADDED ENTRY--PERSONAL NAME
Personal name Belono-Ac Jr., Edgar C.
9 (RLIN) 41262
700 ## - ADDED ENTRY--PERSONAL NAME
Personal name Sagolili,Lyka Trisha U.
9 (RLIN) 41263
942 ## - ADDED ENTRY ELEMENTS (KOHA)
Source of classification or shelving scheme Dewey Decimal Classification
Koha item type Undergraduate Thesis
Holdings
Withdrawn status Lost status Source of classification or shelving scheme Damaged status Not for loan Collection code Home library Current library Date acquired Total Checkouts Full call number Barcode Date last seen Price effective from Koha item type
    Dewey Decimal Classification     Undergraduate Theses UM Digos College - LIC UM Digos College - LIC 01/22/2020   UT 1419 Ar68 2020 UT 1419 01/23/2020 01/23/2020 Undergraduate Thesis